000 00526nmm a2200169Ia 4500
008 251105s9999||||xx |||||||||||||||||und||
020 _a9788497426695
041 _aspa
100 _aBurgos Seguí, Carmen
245 0 _aLa mujer moderna y sus derechos
264 _a[Madrid, España] :
_bBiblioteca Nueva,
_c2007
300 _a320 páginas
490 _aMemoria y crítica de la educación: Serie Clásicos
650 _aGender and Women Studies
856 _uhttps://public.digitaliapublishing.com/a/5389
942 _cCF
999 _c90333
_d90333